| 000 | 00330nam a2200133 i 4500 | ||
|---|---|---|---|
| 001 | bg | ||
| 100 | 1 | _aSTELLER, K. | |
| 245 | 0 |
_aO mechaniźmie niszczenia materiałów podczas kawitacji / _cK. Steller. |
|
| 260 |
_aGdańsk, _c1983. |
||
| 040 | _cBPK | ||
| 041 | _apol | ||
| 942 | _cKS | ||
| 008 | s pl f |000 0 pol | ||
| 999 |
_c22371 _d22371 |
||
| 856 |
_uhttp://koha.tu.koszalin.pl/cgi-bin/koha/opac-detail.pl?biblionumber=22371 _yKatalog online BPK |
||